000 00646nam a2200193 a 4500
001 000012260
005 20240412074230.0
008 091110s2009 dr 000 p spa d
040 _aDO-SdBNP
_bspa
_cBNPHU
082 _aRD861.44
_bL318c
100 1 _aLaracuente de Ceballo, Carmen Milagros
_928906
245 1 0 _aComo una flor un poema /
_cCarmen Milagros Laracuente de Ceballo.
260 _aLa Romana, República Dominicana :
_bCañaveral,
_c2009.
300 _a78 p. ;
_c19 cm.
590 _aInventariado, 2018/LP
650 0 _aPoesía dominicana
_966
650 0 _aLiteratura dominicana.
_967
910 _aValidado. Control de calidad BNPHU.
999 _c11918
_d11918